| 000 | 00485nam a22001811a 4500 | ||
|---|---|---|---|
| 001 | 4010 | ||
| 003 | OSt | ||
| 005 | 20260204211912.0 | ||
| 008 | 050602s1990||||RD ||||||b||||||||||x || | ||
| 050 | _aRD 324 S34a | ||
| 100 | _aSilie Gatón, José A. | ||
| 245 | _aAdministración electoral / José A. Silie Gatón | ||
| 264 | _aSanto Domingo: Alfa y Omega | ||
| 300 | _a134 p | ||
| 500 | _aIncluye indice y bibliografía. | ||
| 650 | _aEleccines - AdministraciónÌ | ||
| 942 |
_2ddc _cBK |
||
| 999 |
_c4010 _d4010 |
||